000 01319cam a22003617a 4500
003 CHAP
005 20220329133439.0
008 971013s1992 r 00010 d
010 _a6497
011 _a7469
035 _a6692
040 _cCHAP
090 _aTesis
100 0 0 _aGaleana Morales, José Manuel.
_944225
245 0 _aEvaluación técnica-financiera de la plantación en asociación de cocotero (Cocus nuciferoz L) plátano (Musa acuminata) en la Costa guerrerense
260 _aChapingo, Méx. :
_bEl autor,
_c1992
300 _a160 h.
_b: ilus. ; anexo
502 _aTesis (Ing. Agr. Esp. en Economía Agrícola) -- UACH. Departamento de Economía Agrícola
590 _aALEPH
_b10
_c20130110
_lUCH01
_h1219
590 _aBATCH-UPD
_b10
_c20130110
_lUCH01
_h1656
590 _aBATCH-UPD
_b10
_c20130410
_lUCH01
_h1045
590 _aBATCH-UPD
_b10
_c20130914
_lUCH01
_h0955
590 _aCONVERSION
_b10
_c20130109
_lUCH01
_h1305
650 1 4 _aCoco
_xAspectos económicos.
_924236
650 1 4 _aCoco
_xRendimiento.
_924267
650 1 4 _aCopra
_xCostos de producción.
_927900
650 1 4 _aCultivos asociados.
_930370
650 1 4 _aPlátano
_xAspectos económicos.
_989206
650 1 4 _aPlátano
_xRendimiento.
_989265
901 _aBK
942 _cTESIS
949 _bBC
_cTES
_d-16300
_eTS1
_h25209
_i6692
_si
999 _c6497
_d6497